Géographie - Villes de la région Pays de la Loire - Clic Quiz - Statistiques

Statistiques générales
  • Ce quiz a été pris 31 fois
  • Le résultat moyen est 65 sur 96
Statistiques - réponses
Hint Réponse % Correct
Saint-Barthélemy-d'Anjou Maine-et-Loire
88%
Mayenne Mayenne
88%
Sablé-sur-Sarthe Sarthe
88%
Couëron Loire-Atlantique
85%
La Baule-Escoublac Loire-Atlantique
85%
Pornic Loire-Atlantique
85%
Montoir-de-Bretagne Loire-Atlantique
85%
Angers Maine-et-Loire
85%
Château-Gontier-sur-Mayenne Mayenne
85%
Nantes Loire-Atlantique
81%
Saint-Nazaire Loire-Atlantique
81%
Saint-Herblain Loire-Atlantique
81%
Orvault Loire-Atlantique
81%
Guérande Loire-Atlantique
81%
Pornichet Loire-Atlantique
81%
Ancenis-Saint-Géréon Loire-Atlantique
81%
Sucé-sur-Erdre Loire-Atlantique
81%
Cholet Maine-et-Loire
81%
Chemillé-en-Anjou Maine-et-Loire
81%
Orée d'Anjou Maine-et-Loire
81%
Beaufort-en-Anjou Maine-et-Loire
81%
La Roche-sur-Yon Vendée
81%
Les Sables-d'Olonne Vendée
81%
Saint-Jean-de-Monts Vendée
81%
Rezé Loire-Atlantique
77%
Carquefou Loire-Atlantique
77%
La Chapelle-sur-Erdre Loire-Atlantique
77%
Châteaubriant Loire-Atlantique
77%
Nort-sur-Erdre Loire-Atlantique
77%
Saumur Maine-et-Loire
77%
Segré-en-Anjou Bleu Maine-et-Loire
77%
Baugé-en-Anjou Maine-et-Loire
77%
Doué-en-Anjou Maine-et-Loire
77%
Laval Mayenne
77%
Le Mans Sarthe
77%
Les Herbiers Vendée
77%
Saint-Sébastien-sur-Loire Loire-Atlantique
73%
Saint-Brevin-les-Pins Loire-Atlantique
73%
Saint-Philbert-de-Grand-Lieu Loire-Atlantique
73%
Basse-Goulaine Loire-Atlantique
73%
Mauges-sur-Loire Maine-et-Loire
73%
Les Ponts-de-Cé Maine-et-Loire
73%
Ombrée d'Anjou Maine-et-Loire
73%
Verrières-en-Anjou Maine-et-Loire
73%
Vertou Loire-Atlantique
69%
Bouguenais Loire-Atlantique
69%
Blain Loire-Atlantique
69%
Vallet Loire-Atlantique
69%
Clisson Loire-Atlantique
69%
Beaupréau-en-Mauges Maine-et-Loire
69%
La Flèche Sarthe
69%
Challans Vendée
69%
Fontenay-le-Comte Vendée
69%
Saint-Gilles-Croix-de-Vie Vendée
69%
Machecoul-Saint-Même Loire-Atlantique
65%
Saint-Étienne-de-Montluc Loire-Atlantique
65%
Brissac Loire Aubance Maine-et-Loire
65%
Talmont-Saint-Hilaire Vendée
65%
Pontchâteau Loire-Atlantique
62%
Trignac Loire-Atlantique
62%
Divatte-sur-Loire Loire-Atlantique
62%
Chaumes-en-Retz Loire-Atlantique
62%
Saint-Hilaire-de-Riez Vendée
62%
Luçon Vendée
62%
Essarts-en-Bocage Vendée
62%
Thouaré-sur-Loire Loire-Atlantique
58%
Treillières Loire-Atlantique
58%
Savenay Loire-Atlantique
58%
Donges Loire-Atlantique
58%
Trélazé Maine-et-Loire
58%
Avrillé Maine-et-Loire
58%
Montreuil-Juigné Maine-et-Loire
58%
Chalonnes-sur-Loire Maine-et-Loire
58%
Sainte-Luce-sur-Loire Loire-Atlantique
54%
Les Sorinières Loire-Atlantique
54%
Sautron Loire-Atlantique
54%
Herbignac Loire-Atlantique
54%
Loire-Authion Maine-et-Loire
54%
Longué-Jumelles Maine-et-Loire
54%
Bouchemaine Maine-et-Loire
54%
Aizenay Vendée
54%
Le Poiré-sur-Vie Vendée
54%
Loireauxence Loire-Atlantique
50%
Bouaye Loire-Atlantique
50%
Saint-Julien-de-Concelles Loire-Atlantique
50%
Sainte-Pazanne Loire-Atlantique
50%
Lys-Haut-Layon Maine-et-Loire
50%
Évron Mayenne
50%
Coulaines Sarthe
50%
Sèvremoine Maine-et-Loire
46%
Montrevault-sur-Èvre Maine-et-Loire
46%
Saint-Berthevin Mayenne
46%
Chantonnay Vendée
46%
Le Loroux-Bottereau Loire-Atlantique
42%
La Ferté-Bernard Sarthe
42%
Allonnes Sarthe
35%
Aucun quiz correspondant
Distribution des résultats
% des personnes avec chaque résultat
Percentile par nombre de réponses
Votre historique - résultats
Vous n’avez pas pris ce quiz